000 02213cam a22005054i 4500
003 PE-LiUPU
005 20251015094305.0
008 170111s2015 xxua r 001 0 eng d
020 _a0758649177
020 _a9780758649171
035 _a(Sirsi) a165972
040 _aPE-LiUPU
_bspa
_cPE-LiUPU
_erda
049 _aPRUA
082 0 4 _a943.21029092
_bW43
_223
100 1 _aWellman, Sam.,
_eautor.
245 1 0 _aFrederick the Wise :
_bSeen and Unseen Lives of Martin Luther's Protector /
_cSam Wellman.
264 1 _aSt. Louis, MO :
_bConcordia Publishing House,
_c2015.
300 _axxiv, 321 páginas :
_bilustraciones ;
_c23 centimetros
336 _atext
_2rdacontent
337 _aunmediated
_2rdamedia
338 _avolume
_2rdacarrier
504 _aBibliografía :páginas 239-252.
505 0 _aContemporaries relevant to Frederick the Wise -- Chronology of events relevant to Frederick the Wise -- 1. The beginning (1463-87) -- 2. Visions of a many-eyed prince (1488-93) -- 3. Imperial beau to disenchanted foe (1494-98) -- 4. Hasty return to Saxony (1499-1505) -- 5. Consummate territorial prince (1506-12) -- 6. Life in Frederick's court (1513-17) -- 7. The Martin Luther maelstrom (1518-20) -- 8. New teachings and a world upside down (1521-25) -- 9. The half millennium after Frederick.
526 _aP136
526 _aP135
526 _aP134
526 _aP133
526 _aP144
526 _aP143
526 _aP87
526 _aP35
526 _aP20
526 _aP14
526 _aP10
526 _aP06
650 0 4 _aReforma
_vBiografía.
650 0 4 _aReyes y gobernantes.
650 0 0 _aReforma
_91623
910 _ajck
_bjvq
_cjck
_d20170111.
942 _2ddc
_cBOOK
949 _a943.21029092 W43
_wDEWEY
_c1
_i75520
_lCATALOGING
_mBUL
_p21.00
_r0
_sY
_tBOOK
_u2017-01-11
_xTEOLOGIA
_zPOSGRADO TEOLOGÍA
_0COMPRA
_o.CIRCNOTE. El documento es de alto precio.
_o.STAFF. Colección Teología
596 _a1
999 _a943.21029092 W43
_wLC
_c14709
_i75520
_f2021-11-11
_g5
_lCCODEBUL1
_mBUL
_p21.00
_r0
_sY
_tBOOK
_u2017-1-11
_xTEOLOGIA
_PP85
_0COMPRA
_o.STAFF. Colección Teología
_d14709
980 _818226
_gJaime Vilcazán Jefe de Análisis Documental